|
|
|
|
| LEADER |
00000nab a2200000 a 4500 |
| 001 |
vtls000866574 |
| 003 |
SK-MaSNL |
| 005 |
20260304171911.0 |
| 008 |
160405c2003 xo 0 cze |
| 015 |
|
|
|a SNBRB2004/03-09374
|
| 035 |
|
|
|a CLN000218126
|
| 040 |
|
|
|a SNKBUCL
|b slo
|c SNKBUCL
|e AACR2
|
| 041 |
0 |
|
|a cze
|
| 044 |
|
|
|a xo
|c SK
|
| 080 |
|
|
|a 616.711-001+616.832-001
|2 1997
|
| 100 |
1 |
|
|a Drábková, Jarmila,
|d 1934-2024
|4 aut
|9 200180
|
| 245 |
1 |
0 |
|a Spinální trauma z pohledu intenzivisty
|c J. Drábková
|
| 504 |
|
|
|a Res. angl., čes.
|
| 504 |
|
|
|a Bibliogr. odkazy
|
| 650 |
0 |
7 |
|a poranenia miechy
|2 MESH
|9 27120
|
| 650 |
0 |
7 |
|a poranenia chrbtice
|2 MESH
|9 92582
|
| 650 |
0 |
7 |
|a epidemiológia
|2 MESH
|9 836
|
| 650 |
0 |
7 |
|a stavce krčné
|2 MESH
|9 1254652
|
| 650 |
0 |
7 |
|a úrazy
|2 MESH
|9 123733
|
| 650 |
0 |
7 |
|a biomechanika
|2 MESH
|9 15029
|
| 650 |
0 |
7 |
|a intenzívna starostlivosť
|2 MESH
|9 66540
|
| 655 |
|
7 |
|a články z novín a časopisov
|2 snkbucl
|9 267496
|
| 773 |
0 |
|
|x 1336-121X
|t Acta spondylologica
|g Roč. 2, č. 2 (2003), s. 101-104
|
| 850 |
|
|
|a Slovenská národná knižnica v Martine
|
| 852 |
|
|
|a SNK
|b KIS3GCP
|
| 958 |
|
|
|a NB
|
| 958 |
|
|
|a MI
|
| 958 |
|
|
|a RBX
|
| 999 |
|
|
|c 2995482
|d 2997412
|